Central Library OPAC University of Rajshahi

The discarded image : (Record no. 65506)

MARC details
000 -LEADER
fixed length control field 00696nam a22002177a 4500
001 - CONTROL NUMBER
control field 65506
003 - CONTROL NUMBER IDENTIFIER
rucl marc code BD-RjUL
005 - DATE AND TIME OF LATEST TRANSACTION
control field 20211209081432.0
008 - FIXED-LENGTH DATA ELEMENTS--GENERAL INFORMATION
fixed length control field 170307r19671964enk||||| |||| 001 0 eng d
035 ## - SYSTEM CONTROL NUMBER
System control number (BD-RjUL)65636
040 ## - CATALOGING SOURCE
Original cataloging agency BD-RjUL
Language of cataloging eng
Transcribing agency BD-RjUL
Modifying agency BD-RjUL
041 ## - LANGUAGE CODE
Language code of text/sound track or separate title eng
082 ## - DEWEY DECIMAL CLASSIFICATION NUMBER
Edition number 23
Classification number 809.02
Author mark and year LED 1967
100 ## - MAIN ENTRY--PERSONAL NAME
Personal name Lewis, C. S.
9 (RLIN) 193842
245 ## - TITLE STATEMENT
Title The discarded image :
Remainder of title an introduction to medieval and renaissance literature /
Statement of responsibility, etc. C. S. Lewis
260 ## - PUBLICATION, DISTRIBUTION, ETC. (IMPRINT)
Place of publication, distribution, etc. Cambridge :
Name of publisher, distributor, etc. At The University Press,
Date of publication, distribution, etc. 1964 [Reprinted 1967].
300 ## - PHYSICAL DESCRIPTION
Pagination vii, 230 p. ;
Size 18 cm.
500 ## - GENERAL NOTE
General note Include Index.
650 ## - SUBJECT ADDED ENTRY--TOPICAL TERM
Topical term or geographic name as entry element Religion
Form subdivision Christian Theology
General subdivision Apologetics.
9 (RLIN) 193843
942 ## - ADDED ENTRY ELEMENTS (KOHA)
Source of classification or shelving scheme Dewey Decimal Classification
Koha item type Books
Holdings
Lost status Source of classification or shelving scheme Damaged status Not for loan Collection code Permanent Location Current Location Shelving location Date acquired Source of acquisition Cost, normal purchase price Total Checkouts Full call number Date last seen Copy number Koha item type
  Dewey Decimal Classification   Not For Loan Non-fiction Central Library, University of Rajshahi Central Library, University of Rajshahi Reading Room 05/01/1971 Mohiuddin & Sons, Dhaka 7.12   809.02 LED 1967 07/03/2017 C-1 Books